[Event "Pan American-ch School U15 12th"]
[Site "Callao"]
[Date "2023.10.18"]
[Round "5"]
[White "Sanchez Negreiros, Jose Alberto"]
[Black "Ramirez Espino, Alessandro"]
[Result "1-0"]
[WhiteElo "1694"]
[BlackElo "1498"]
[PlyCount "65"]
[EventDate "2023.10.16"]
[EventType "swiss"]
[EventRounds "9"]
[EventCountry "PER"]
[SourceTitle "Mega2024 Update 01"]
[Source "Chessbase"]
[SourceDate "2023.11.12"]
[SourceVersion "1"]
[SourceVersionDate "2023.11.12"]
[SourceQuality "1"]

1. e4 c5 2. Nf3 e6 3. Nc3 Nc6 4. Bb5 Nd4 5. Bd3 d6 6. Nxd4 cxd4 7. Ne2 e5 8. c3 dxc3 9. dxc3 Nf6 10. Bg5 Be7 11. Bxf6 Bxf6 12. Bb5+ Bd7 13. Bxd7+ Qxd7 14. c4 0-0 15. Nc3 Rac8 16. Qd3 Be7 17. Nd5 Bd8 18. 0-0 f5 19. exf5 Rxf5 20. Rad1 Rc6 21. b3 Rg5 22. f4 exf4 23. Rxf4 Rg4 24. Qh3 h5 25. Rdf1 g6 26. Rf8+ Kg7 27. Qc3+ Kh6 28. Rh8+ Kg5 29. Qd2+ Kh4 30. g3+ Rxg3+ 31. hxg3+ Kh3 32. Qh2+ Kg4 33. Rf4+ 1-0

[Event "Pan American-ch School U15 12th"]
[Site "Callao"]
[Date "2023.10.16"]
[Round "1"]
[White "Sanchez Negreiros, Jose Alberto"]
[Black "Munoz Aguilera, Edward Godfred"]
[Result "1-0"]
[WhiteElo "1694"]
[BlackElo "1247"]
[PlyCount "57"]
[EventDate "2023.10.16"]
[EventType "swiss"]
[EventRounds "9"]
[EventCountry "PER"]
[SourceTitle "Mega2024 Update 01"]
[Source "Chessbase"]
[SourceDate "2023.11.12"]
[SourceVersion "1"]
[SourceVersionDate "2023.11.12"]
[SourceQuality "1"]

1. e4 c5 2. Nf3 d6 3. Bb5+ Bd7 4. Bxd7+ Qxd7 5. 0-0 Nc6 6. Re1 g6 7. c3 Bg7 8. d4 cxd4 9. cxd4 Qc7 10. Nc3 Nf6 11. d5 Ne5 12. Nxe5 dxe5 13. Nb5 Qb6 14. Qa4 0-0 15. Be3 Qd8 16. Rac1 a6 17. Nc7 Rc8 18. Bb6 Qd6 19. Ba5 Nd7 20. Qb3 b6 21. Rc6 Nc5 22. Qxb6 Na4 23. Qb3 Nc5 24. Qc4 Qd7 25. Qxc5 Rb8 26. b4 f5 27. Ne6 Rfc8 28. Nxg7 Kxg7 29. Bc7 1-0

[Event "South America-ch U10 16th"]
[Site "Buenos Aires"]
[Date "2019.12.02"]
[Round "2.2"]
[White "Sanchez Negreiros, Jose Alberto"]
[Black "Varela, Agustin"]
[Result "0-1"]
[WhiteElo "1228"]
[BlackElo "1485"]
[PlyCount "112"]
[EventDate "2019.12.01"]
[EventType "swiss"]
[EventRounds "9"]
[EventCountry "ARG"]
[SourceTitle "EXT 2024"]
[Source "ChessBase"]
[SourceDate "2023.10.10"]
[SourceVersion "1"]
[SourceVersionDate "2023.10.10"]
[SourceQuality "1"]

1. e4 e5 2. Nf3 Nc6 3. c3 Nf6 4. d4 exd4 5. e5 Nd5 6. Qb3 Nb6 7. cxd4 d5 8. Bd3 Be7 9. Bd2 0-0 10. 0-0 Bg4 11. Bc2 Bxf3 12. Qxf3 Nxd4 13. Bxh7+ Kxh7 14. Qd3+ g6 15. Qxd4 Kg7 16. b3 c5 17. Qb2 Rh8 18. Nc3 Qc7 19. Bf4 d4 20. Ne4 Nd5 21. Bg3 Qc6 22. Rfe1 Nb4 23. Qd2 d3 24. e6 f6 25. Rac1 Nc2 26. Rxc2 dxc2 27. f3 c4 28. Qxc2 cxb3 29. Qxb3 Rad8 30. Bf2 Qc7 31. f4 b6 32. Qf3 f5 33. Ng5 Bxg5 34. fxg5 Qxh2+ 35. Kf1 Qc7 36. g3 Qc4+ 37. Kg2 Qd5 38. e7 Qxf3+ 39. Kxf3 Rd3+ 40. Kf4 Re8 41. Re6 Rd7 42. Ke5 Rdxe7 43. Rxe7+ Rxe7+ 44. Kd6 Re2 45. Bd4+ Kf7 46. a3 Ra2 47. Kc7 Rxa3 48. Kb7 Rxg3 49. Kxa7 b5 50. Bf6 f4 51. Kb6 f3 52. Bd4 Rxg5 53. Bf2 Rg2 54. Be3 f2 55. Bxf2 Rxf2 56. Kxb5 g5 0-1

[Event "Pan American-ch U10"]
[Site "Guayaquil"]
[Date "2019.07.26"]
[Round "8"]
[White "Sanchez Negreiros, Jose Alberto"]
[Black "Cardenas Lima, Vincent Matias"]
[Result "0-1"]
[WhiteElo "1119"]
[BlackElo "1482"]
[PlyCount "58"]
[EventDate "2019.07.21"]
[EventType "swiss"]
[EventRounds "9"]
[EventCountry "ECU"]
[SourceTitle "EXT 2020"]
[Source "ChessBase"]
[SourceDate "2019.10.17"]
[SourceVersion "1"]
[SourceVersionDate "2019.10.17"]
[SourceQuality "1"]

1. e4 e5 2. Nf3 Nf6 3. Nxe5 d6 4. Nf3 Nxe4 5. Nc3 Nxc3 6. dxc3 Bg4 7. Bc4 Nc6 8. Be3 Be7 9. Qd2 Bxf3 10. gxf3 Ne5 11. Be2 Qd7 12. h3 a6 13. 0-0-0 Rg8 14. f4 Nc6 15. Bg4 f5 16. Qd5 Rf8 17. Bf3 0-0-0 18. Rd4 Bh4 19. Rc4 h6 20. Qd3 d5 21. Rc5 Ne7 22. Rd1 c6 23. c4 b6 24. cxd5 bxc5 25. d6 Ng6 26. Bxc5 Qb7 27. d7+ Rxd7 28. Qxd7+ Qxd7 29. Rxd7 Kxd7 0-1

[Event "Chiclayo Fischer Memorial 1st"]
[Site "Chiclayo"]
[Date "2019.03.31"]
[Round "6.5"]
[White "Meono Alvan, Ronier Grover"]
[Black "Sanchez Negreiros, Jose Alberto"]
[Result "1-0"]
[WhiteElo "1878"]
[BlackElo "1149"]
[PlyCount "49"]
[EventDate "2019.03.30"]
[EventType "swiss"]
[EventRounds "6"]
[EventCountry "PER"]
[SourceTitle "EXT 2024"]
[Source "ChessBase"]
[SourceDate "2023.10.10"]
[SourceVersion "1"]
[SourceVersionDate "2023.10.10"]
[SourceQuality "1"]

1. d4 d5 2. Bf4 Bf5 3. Nf3 e6 4. e3 h6 5. Bd3 Bxd3 6. Qxd3 Nd7 7. Nbd2 Ngf6 8. 0-0 Be7 9. Rfe1 0-0 10. h3 c5 11. c3 Ne8 12. e4 dxe4 13. Nxe4 cxd4 14. Qxd4 Nef6 15. Rad1 Nb6 16. Qe5 Qc7 17. Nd6 Bxd6 18. Qxd6 Nc4 19. Qd4 Nxb2 20. Rb1 Rad8 21. Qe3 Nd5 22. Qd2 Nxf4 23. Qxb2 Nd3 24. Qc2 Nxe1 25. Rxe1 1-0

[Event "Chiclayo Fischer Memorial 1st"]
[Site "Chiclayo"]
[Date "2019.03.31"]
[Round "5.9"]
[White "Sanchez Negreiros, Jose Alberto"]
[Black "Farro Olivares, Dulce Maria"]
[Result "1-0"]
[WhiteElo "1149"]
[BlackElo "1082"]
[PlyCount "47"]
[EventDate "2019.03.30"]
[EventType "swiss"]
[EventRounds "6"]
[EventCountry "PER"]
[SourceTitle "EXT 2024"]
[Source "ChessBase"]
[SourceDate "2023.10.10"]
[SourceVersion "1"]
[SourceVersionDate "2023.10.10"]
[SourceQuality "1"]

1. e4 e5 2. Nf3 Nc6 3. c3 Nf6 4. d4 exd4 5. e5 Nd5 6. Qb3 Nde7 7. Bc4 d5 8. exd6 Qxd6 9. Bxf7+ Kd8 10. Qc2 Bf5 11. Qe2 Bg4 12. 0-0 Qf6 13. Bb3 Bxf3 14. Qxf3 Qxf3 15. gxf3 dxc3 16. Nxc3 Nd4 17. Rd1 c5 18. Be3 Nec6 19. Ne2 Ne5 20. Nxd4 cxd4 21. Rxd4+ Kc7 22. Bf4 Bd6 23. Rc1+ Kd7 24. Bxe5 1-0